Statistics for Top 5 Golden State Warriors of all-time

Click here to take the quiz!

General Stats

  • This quiz has been taken 21 times
  • The average score is 4 of 5

Answer Stats

HintAnswer% Correct
PGStephen Curry
100%
PF/CDraymond Green
86%
SGKlay Thompson
86%
CWilt Chamberlain
86%
SF/PFKevin Durant
71%

Score Distribution

Percentile by Number Answered

Percent of People with Each Score

Your Score History

You have not taken this quiz